000 00487nam a2200181Ia 4500
005 20250326125410.0
008 250326s9999 xx 000 0 und d
037 _aTextbook
040 _aFMSL
_beng
_cFMSL
041 _aeng
_2eng
084 _aX9D:8D L6;L9
_qFMSL
100 _aKuchhal S C
245 0 _aCorporation fice
_cKuchhal S C
260 _aAllahabad
_bAllahabad, Chitanya
_c1979
300 _a520p
942 _cTB
_hX9D:8D L6;L9
999 _c1277887
_d1277887